<?xml version="1.0" encoding="UTF-8"?>
<marc:record xmlns:marc="http://www.loc.gov/MARC21/slim">
   <marc:leader>00000nam a2200000 a 4500</marc:leader>
   <marc:datafield ind1="1" ind2=" " tag="100">
      <marc:subfield code="a">Plener, Paul</marc:subfield>
      <marc:subfield code="4">aut</marc:subfield>
      <marc:subfield code="e">Verfasser/-in</marc:subfield>
   </marc:datafield>
   <marc:datafield ind1="0" ind2="0" tag="245">
      <marc:subfield code="a">Sie brauchen uns jetzt</marc:subfield>
   </marc:datafield>
   <marc:datafield ind1="0" ind2="0" tag="245">
      <marc:subfield code="b">Was Kinder belastet. Was sie schützt.</marc:subfield>
   </marc:datafield>
   <marc:datafield ind1="0" ind2="0" tag="245">
      <marc:subfield code="c">Plener, Paul</marc:subfield>
   </marc:datafield>
   <marc:datafield ind1=" " ind2="1" tag="264">
      <marc:subfield code="a">Wien</marc:subfield>
      <marc:subfield code="b">edition a</marc:subfield>
      <marc:subfield code="c">2021</marc:subfield>
   </marc:datafield>
   <marc:datafield ind1="1" ind2=" " tag="520">
      <marc:subfield code="a">Lockdown-Trauma, Wirtschaftskrise, Klimawandel und die ganze Welt in Veränderung: Leicht werden es unsere Kinder und Jugendlichen nicht haben. Was können wir ihnen mitgeben, damit sie die auf sie zukommenden Aufgaben meistern? Wie können wir sie zu psychisch gesunden, resilienten und stabilen Menschen erziehen und Erkrankungen wie Handyspielsucht oder Essstörungen rechtzeitig erkennen, verhindern oder behandeln? Der Kinder- und Jugendpsychiater Prof. Dr. Paul Plener zeichnet das Bild einer Generation mit Potenzial, die jetzt ganz besonders unsere Hilfe braucht. Leicht verständlich zeigt er, worauf wir achten müssen, was die Gefahren sind und wie wir worauf reagieren sollten.</marc:subfield>
   </marc:datafield>
   <marc:datafield ind1=" " ind2=" " tag="020">
      <marc:subfield code="a">9783990015230</marc:subfield>
      <marc:subfield code="9">9783990015230</marc:subfield>
   </marc:datafield>
   <marc:datafield ind1=" " ind2=" " tag="020">
      <marc:subfield code="a">3990015230</marc:subfield>
      <marc:subfield code="9">3990015230</marc:subfield>
   </marc:datafield>
   <marc:datafield ind1=" " ind2=" " tag="041">
      <marc:subfield code="a">ger</marc:subfield>
   </marc:datafield>
   <marc:datafield ind1=" " ind2=" " tag="338">
      <marc:subfield code="a">Band</marc:subfield>
   </marc:datafield>
   <marc:datafield ind1=" " ind2=" " tag="300">
      <marc:subfield code="a">155 Seiten</marc:subfield>
   </marc:datafield>
</marc:record>
